[Event "GER-chT U16 Girls"]
[Site "Neumuenster"]
[Date "2022.12.29"]
[Round "5"]
[White "Chen, Michelle"]
[Black "Brewig, Bea Josephine"]
[Result "1/2-1/2"]
[WhiteElo "1039"]
[BlackElo "1279"]
[PlyCount "35"]
[EventDate "2022.12.26"]
[EventType "team-swiss"]
[EventRounds "7"]
[EventCountry "GER"]
[SourceTitle "CBM 212 Extra"]
[Source "ChessBase"]
[SourceDate "2023.03.31"]
[SourceVersion "1"]
[SourceVersionDate "2023.03.31"]
[SourceQuality "1"]
[WhiteTeam "Norderstedt"]
[BlackTeam "Chemnitz Aufbau"]
[WhiteTeamCountry "GER"]
[BlackTeamCountry "GER"]

1. e4 e5 2. Nf3 Nc6 3. d4 exd4 4. Nxd4 Nf6 5. Nxc6 bxc6 6. Bd3 d5 7. exd5 cxd5 8. 0-0 Be7 9. Nc3 c6 10. Ne2 0-0 11. Nd4 Qc7 12. Bg5 Ng4 13. Nf3 Bxg5 14. h3 Nxf2 15. Kxf2 Qb6+ 16. Kg3 Qc7+ 17. Kf2 Qb6+ 18. Kg3 1/2-1/2